000 00508nam a22001817a 4500
003 0
005 20240928101040.0
008 240928b xxu||||| |||| 00| 0 eng d
020 _a979-2-89161-256-3
050 _aHF 5415.32
_b.P67 2024
100 _aPeter, Reuben
245 _aConsumer behavior
_cPeter, Reuben
260 _aUSA
_bAlexis press
_cC2024
300 _avii, 267p.:
_bill. :
_c24cm.
500 _aConsumer behavior.
650 _aIncludes bibliographical references & index.
942 _2lcc
_cBK
999 _c366411
_d366411